Stemmi Squadre di calcio dal dettaglio - Quiz n°24 - Statistics

Statistiche generali
  • Questo quiz è stato fatto 6 volte
  • Il punteggio medio è 6 su 10
Statistiche sulle risposte
con Immagini Risposta % Corretto
Hellas Verona
100%
Pisa
100%
RB Lipsia
100%
RB Salisburgo
67%
Aberdeen
50%
Bournemouth
50%
Augusta
33%
BATE Borisov
33%
Rosenborg
33%
Trabzonspor
33%
Nessun quiz corrispondente trovato
Distribuzione punteggi
Percentuale di utenti per punteggio
Percentile per numero di risposta
I tuoi punteggi nel tempo
Non hai fatto questo quiz